Normal view
MARC view
Entry Geographic Name
001 - CONTROL NUMBER
- control field: 2806
003 - CONTROL NUMBER IDENTIFIER
- control field: BD-RjUL
005 - DATE AND TIME OF LATEST TRANSACTION
- control field: 20220508141739.0
008 - FIXED-LENGTH DATA ELEMENTS
- fixed length control field: 220508|| aca||aabn | a|a d
040 ## - CATALOGING SOURCE
- Original cataloging agency: BD-RjUL
- Transcribing agency: BD-RjUL
151 ## - HEADING--GEOGRAPHIC NAME
- Geographic name: Bangladesh
- Geographic subdivision: Jessore District
- General subdivision: History
- Chronological subdivision: 1864-1947 A. D
670 ## - SOURCE DATA FOUND
- Source citation: Work cat.: (BD-RjUL)79602: রহমান, মোহাম্মদ মোখলেসুর 1991, জনকল্যাণে যশোর পৌরসভার ভূমিকা (১৮৬৪-১৯৪৭) :, ২০০৬